| 000 | 01342nam a2200301 i 4500 | ||
|---|---|---|---|
| 001 | 18380 | ||
| 003 | ES-MaACL | ||
| 005 | 20250815043254.0 | ||
| 007 | t| | ||
| 008 | 011213m19801999sp ||||1| spa d | ||
| 020 | _a84-239-4981-8 | ||
| 020 | _a84-239-8913-5 | ||
| 080 | _a946.0"0711/1492" | ||
| 245 | 0 | 3 | _aLa España cristiana de los siglos VIII al XI. |
| 260 |
_aMadrid : _bEspasa-Calpe, _c1980-1999. |
||
| 300 |
_a2 v. : _bil. ; _c27 cm. |
||
| 490 | 1 |
_aHistoria de España Menéndez Pidal ; _v6,7 |
|
| 500 | _aPubl. a partir del t. 35, v.1º (1989) con el tit.: Historia de España Menéndez Pidal ; anteriormente publ. con el tít.: Historia de España. | ||
| 505 | 8 | _aContine: Tº 7, 1º. El reino astur-leonés (722 a 1037) : sociedad, economía, gobierno, cultura y vida / por Claudio Sánchez-Albornoz -- Tº 7, 2º. Los nucleos pirenaicos (718-1035) : Navarra, Aragón, Cataluña / por Manuel Riu y Riu ... [et al.] | |
| 651 | 4 |
_aEspaña- _xHistoria- _y0711-1492, Reconquista. _98217 |
|
| 700 | 1 |
_aSánchez-Albornoz, Claudio, _d1893-1984 _9102440 |
|
| 700 | 1 |
_aRiu, Manuel. _997501 |
|
| 740 | 0 | _aHistoria de España Menéndez Pidal. | |
| 740 | 0 | _aHistoria de España. | |
| 830 | 0 | 0 |
_aHistoria de España Menéndez Pidal _v6,7 _9179677 |
| 852 |
_aES-MaACL _jJ-64 tº 6-7 _bR.131078 |
||
| 999 |
_c18380 _d18380 |
||